00727nam a2200241Ia 4500003000400000005001700004008004100021020001800062040001800080041000800098082002100106100002300127245008000150250001200230260004400242300002900286650002400315650004900339650003000388650002300418650001400441650003000455OSt20230825144236.0210716s2009 xx 000 0 und d a9788177584356 cAIMIT LIBRARY aeng a005.44 21bHOLC aHollabaugh, Craig. aEmbedded linux :bhardware software and interfacing /cBy Craig Hollabaugh. a1st ed. aNew Delhi :bPearson Education ,c2009. aviii,419 p.;bPBc25 cm. aSystem architecture aSynchronous serial communication interfacing aParallel port interfacing aSystem integration aDebugging aParallel port interfacing